书目信息 |
| 题名: |
ROS机器人程序设计
|
|
| 作者: | 马丁内斯 , Fernandez 著 ;刘品杰 译 | |
| 分册: | ||
| 出版信息: | 北京 机械工业出版社 2016.11 |
|
| 页数: | 13,225页 | |
| 开本: | 24cm | |
| 丛书名: | ||
| 单 册: | ||
| 中图分类: | TP242.02 | |
| 科图分类: | ||
| 主题词: | 机器人--程序设计 | |
| 电子资源: | ||
| ISBN: | 978-7-111-47396-1 | |
| 000 | 01038nam0 2200265 450 | |
| 001 | 0400004691 | |
| 005 | 20171024155924.0 | |
| 010 | @a978-7-111-47396-1@dCNY59.00 | |
| 100 | @a20150107d2016 em y0chiy50 ea | |
| 101 | 1 | @achi@beng@cspa |
| 102 | @aCN@b110000 | |
| 105 | @aa z 000yy | |
| 106 | @ar | |
| 200 | 1 | @aROS机器人程序设计@9ROS ji qi ren cheng xu she ji@dLearning ROS for robotics programming@f(西)Aaron Martinez,(西)Enrique Fernandez著@g刘品杰译@zeng |
| 210 | @a北京@c机械工业出版社@d2016.11 | |
| 215 | @a13,225页@c图@d24cm | |
| 330 | @a本书从ROS系统的安装到主要功能包里各项工具的使用方法如先进的计算机视觉和导航工具等进行了介绍和说明,并且提供了相关示例代码及解释。 | |
| 510 | 1 | @aLearning ROS for robotics programming@zeng |
| 606 | 0 | @a机器人@x程序设计 |
| 690 | @aTP242.02@v5 | |
| 701 | 0 | @c(西)@a马丁内斯@9ma ding nei si@c(Martinez, Aaron)@4著 |
| 701 | 1 | @c(西)@aFernandez@9Fernandez@bEnrique@4著 |
| 702 | 0 | @a刘品杰@9liu pin jie@4译 |
| 801 | 0 | @aCN@b91MARC@c20171024 |
| 905 | @b1038860-4@dTP242.02@f5@e245 | |
| ROS机器人程序设计=Learning ROS for robotics programming/(西)Aaron Martinez,(西)Enrique Fernandez著/刘品杰译.-北京:机械工业出版社,2016.11 |
| 13,225页:图;24cm |
| ISBN 978-7-111-47396-1:CNY59.00 |
| 本书从ROS系统的安装到主要功能包里各项工具的使用方法如先进的计算机视觉和导航工具等进行了介绍和说明,并且提供了相关示例代码及解释。 |
| ● |
| 相关链接 |
|
|
|
|
正题名:ROS机器人程序设计
索取号:TP242.02/245
 
预约/预借
| 序号 | 登录号 | 条形码 | 馆藏地/架位号 | 状态 | 备注 |
| 1 | 1038860 | 210388604 | 第二样本阅览室/ [索取号:TP242.02/245] | 在馆 | |
| 2 | 1038861 | 210388613 | 密集书库—计算机科学学院/ [索取号:TP242.02/245] | 在馆 | |
| 3 | 1038862 | 210388622 | 第三借阅区/ [索取号:TP242.02/245] | 在馆 | |
| 4 | 1038863 | 210388631 | 第三借阅区/ [索取号:TP242.02/245] | 在馆 | |
| 5 | 1038864 | 210388640 | 第三借阅区/ [索取号:TP242.02/245] | 在馆 |